El cuidado del alma : (Registro nro. 4064)

Detalles MARC
000 -LEADER
fixed length control field 01376nam a2200289Ia 4500
003 - CONTROL NUMBER IDENTIFIER
control field OSt
005 - DATE AND TIME OF LATEST TRANSACTION
control field 20200402122941.0
008 - FIXED-LENGTH DATA ELEMENTS--GENERAL INFORMATION
fixed length control field 191128s1993 sp gr 000 0dspa d
020 ## - INTERNATIONAL STANDARD BOOK NUMBER
International Standard Book Number 847953060X
040 ## - CATALOGING SOURCE
Original cataloging agency CO-JMCR
Transcribing agency CO-JMCR
041 1# - LANGUAGE CODE
Language code of text/sound track or separate title spa
Language code of original eng
082 04 - DEWEY DECIMAL CLASSIFICATION NUMBER
Classification number 128.1 /
Item number M821c
100 1# - MAIN ENTRY--PERSONAL NAME
Personal name Moore, Thomas,
Relator term autor
9 (RLIN) 1532
245 10 - TITLE STATEMENT
Title El cuidado del alma :
Remainder of title guía para el cultivo de lo profundo y lo sagrado en la vida cotidiana /
Statement of responsibility, etc. Thomas Moore ; traducción, Marta I. Guastavino
250 ## - EDITION STATEMENT
Edition statement Cuarta edición
260 ## - PUBLICATION, DISTRIBUTION, ETC.
Place of publication, distribution, etc. Barcelona :
Name of publisher, distributor, etc. Urano,
Date of publication, distribution, etc. 1993
300 ## - PHYSICAL DESCRIPTION
Extent 395 páginas ;
Dimensions 22 cm.
500 ## - GENERAL NOTE
General note Incluye bibliográficas.
500 ## - GENERAL NOTE
General note Traducido del inglés.
500 ## - GENERAL NOTE
General note Incluye datos biográficos del autor en solapa posterior.
505 ## - FORMATTED CONTENTS NOTE
Formatted contents note El cuidado del alma -- El cuidado del alma en la vida cotidiana -- La práctica espiritual y la profundidad psicológica -- El cuidado del alma del mundo
520 ## - SUMMARY, ETC.
Summary, etc. Para Moore, el gran mal de nuestro tiempo es la perdida del alma, que se manifiesta en forma de vacío, depresión, desilusión respecto al matrimonio o las relaciones. Pero cuidar el alma no consiste en buscar una existencia ideal, libre de problemas.
546 1# - LANGUAGE NOTE
Language note spa
Information code or alphabet eng
650 ## - SUBJECT ADDED ENTRY--TOPICAL TERM
Topical term or geographic name entry element Alma Espiritualidad Vida espiritual Psicología de la religión
9 (RLIN) 1533
700 1# - ADDED ENTRY--PERSONAL NAME
Personal name Guastavino, Marta I.,
Relator term traductora
9 (RLIN) 1534
942 ## - ADDED ENTRY ELEMENTS (KOHA)
Source of classification or shelving scheme Dewey Decimal Classification
Koha item type Books
Existencias
Withdrawn status Lost status Source of classification or shelving scheme Materials specified (bound volume or other part) Damaged status Not for loan Home library Current library Shelving location Date acquired Source of acquisition Cost, normal purchase price Total Checkouts Total Renewals Full call number Barcode Date last seen Date last checked out Copy number Price effective from Koha item type
    Dewey Decimal Classification Donación--24/08/2018--     Biblioteca Pública José María del Castillo y Rada Biblioteca Pública José María del Castillo y Rada General Stacks 11/28/2019 Donación 0.00 14 7 128.1 / M821c 201808862 09/25/2025 09/25/2025 Ej.1 11/28/2019 Books